| 000 | 00667nam a22001337a 4500 | ||
|---|---|---|---|
| 040 | _cRUA | ||
| 082 | _aAVM SUM 2012 B0101 Or.1 | ||
| 100 | _aSUM PISETH | ||
| 245 | _aEffecicacy of ivermectin and levamisole deworm toxocara on dogs in dangkao district, phnom penh, (ប្រសិទ្ធភាព Ivermectin និង Levamisole ទម្លាក់បរាសិត Toxocara សុនខក្នុងខណ្ឌដង្កោ រាជធានីភ្នំពេញ) | ||
| 260 |
_aPhonm Penh _bRua _c2012 |
||
| 300 |
_ax, 45p. _bill. _c29cm. |
||
| 856 | _uhttps://drive.google.com/file/d/1cS5h5m1Mh4h43DAN_bvSMZEg0S-uwQq4/view?usp=sharing | ||
| 942 | _cAVM | ||
| 999 |
_c2548 _d2548 |
||